Śrī Nāratar purāṇam. (Record no. 88369)

MARC details
000 -LEADER
fixed length control field 00544cam a22002291 4500
001 - CONTROL NUMBER
control field sa 68018384
003 - CONTROL NUMBER IDENTIFIER
control field DLC
005 - DATE AND TIME OF LATEST TRANSACTION
control field 20260227112711.0
008 - FIXED-LENGTH DATA ELEMENTS--GENERAL INFORMATION
fixed length control field 950308s1968 ii 000 0 tamo
010 ## - LIBRARY OF CONGRESS CONTROL NUMBER
LC control number sa 68018384
025 ## - OVERSEAS ACQUISITION NUMBER
Overseas acquisition number PL480:I-T-2630
035 ## - SYSTEM CONTROL NUMBER
System control number (OCoLC)32111074
040 ## - CATALOGING SOURCE
Original cataloging agency DLC
Transcribing agency CU
Modifying agency CU
-- DLC
042 ## - AUTHENTICATION CODE
Authentication code premarc
050 00 - LIBRARY OF CONGRESS CALL NUMBER
Classification number BL1175.N3
Item number R3
100 1# - MAIN ENTRY--PERSONAL NAME
Personal name Ramanathan, S.,
Dates associated with a name 1931-
245 10 - TITLE STATEMENT
Title Śrī Nāratar purāṇam.
260 ## - PUBLICATION, DISTRIBUTION, ETC.
Date of publication, distribution, etc. [1968]
300 ## - PHYSICAL DESCRIPTION
Extent 428 p.
Dimensions 18 cm.
500 ## - GENERAL NOTE
General note In Tamil.
600 00 - SUBJECT ADDED ENTRY--PERSONAL NAME
Personal name Nārada.

No items available.

Powered by Koha